000 00886nam a2200253 i 4500
001 5630
003 ES-MaACL
005 20230906144638.0
007 t|
008 890410s1988 sp ||||1|dspa d
020 _a84-206-9598-X (O.C.)
080 _a9(=924)
245 0 0 _aHistoria del pueblo judio /
_cA. Malamat...[et al.] ; dirigida por H.H. Ben-Sasson ; versión española de Mario Calés.
260 _aMadrid :
_bAlianza,
_c1988.
300 _a3 v. ;
_c25 cm.
500 _aIndices.
505 8 _at. I. Desde los origenes hasta la Edad Media -- t. II. La Edad Media -- t. III. La Edad Moderna y Contemporanea
650 _aJudíos-
_vHistoria.
_913994
651 4 _aIsrael-
_xHistoria.
_98858
700 1 _aBen-Sasson, Haim Hillel.
_927411
700 1 _aMalamat, Abraham.
_9161092
700 0 _aCalés, Mario.
_933664
852 _aES-MaACL
_jL-12479-81
_bR.116239
_z. - tela
999 _c5630
_d5630